| 000 | 00655nam a2200253Ia 4500 | ||
|---|---|---|---|
| 008 | 160303s9999 xx 000 0 und d | ||
| 020 | _a1932531726 | ||
| 050 | _aMAIN HD 69 | ||
| 050 | _b.P75K46 2005 | ||
| 100 | _aKemp, Sid | ||
| 245 | _aUltimate guide to project management for small business : | ||
| 245 | _bget it done right! / | ||
| 245 | _cSid Kemp. | ||
| 260 | _a[s.l.] | ||
| 260 | _bEntrepreneur Media, Inc. | ||
| 260 | _c2005 | ||
| 300 | _a410 pages : | ||
| 300 | _billustrations ; | ||
| 300 | _c26 cm. | ||
| 500 | _aIncludes index. | ||
| 650 | _aProject management. | ||
| 650 | _aSmall business -- | ||
| 650 | _xManagement. | ||
| 999 |
_c291083 _d291083 |
||